| 000 | 00533nam a2200217 a 4500 | ||
|---|---|---|---|
| 001 | nice12345678 | ||
| 003 | IN_TiNIC | ||
| 005 | 20260116011412.0 | ||
| 008 | 050524s1925 caia grp 000 0 ara | ||
| 020 |
_a _c100 |
||
| 082 | 0 | 0 |
_a297.1 _bSEL |
| 100 | _aSell, G | ||
| 245 | _aKitab Maqalah Fil Islam Tranl. Essays on Islam. | ||
| 260 |
_aCairo _bNile Mission Press _c1925 |
||
| 300 | _a439p | ||
| 500 | _aincludes index and biblioraphy | ||
| 650 | _aIslam-Meccan Trade | ||
| 902 | _bRBA | ||
| 942 | _cBK | ||
| 999 |
_c1207 _d1207 |
||